000 00872nam a2200253Ia 4500
003 OSt
005 20220923215810.0
006 a|||||r|||| 00| 0
007 ta
008 220922b |||||||| |||| 00| 0 hin d
024 _a181,902
037 _cTextual
040 _aARTS
_cARTS
_bhin
041 _2hin
_ahin
082 _aO152,1N381:g, M7
100 _aशुभदर्शन
_9156277
245 0 _aत्रासद अनुभूतियों का कवि बलदेव वंशी
246 _aTrāsad anubhūtiyoan kā kavi baladev vanshī
260 _aनई दिल्ली
_b प्रवीण प्रकाशन
_c1987
300 _a128 पृ.
_ccm.
650 _aहिन्दी साहित्य
_9156264
942 _hO152,1N381:g, M7
_cTEXL
_2CC
999 _c335279
_d335279